000 00446nam a2200145Ia 4500
008 220216s9999 xx 000 0 und d
100 _aShahabuddin M Y
245 0 _aProduction cost of rubber in independent smallholdings : Some results from a cross sectional analysis
260 _bPlanters Bulletin
_c1985
300 _a120-125
650 _aRubber production
650 _aSmallholdings
700 _aSuliman Md Abdul Aziz Hj
942 _cJS
999 _c65815
_d65815